000
00181pam a2200109 a 4500
020
_c
041
_h
100
_a
CPR
245
_a
Think Green
653
_a
Story
930
_a
944
999
_c
246797
_d
246797